mysqli: Table './ulib62015/stat_globaluid' is marked as crashed and should be repaired
select id from stat_globaluid where statuid='20260518030031_3040'
mysqli: Table './ulib62015/stat_globaluid' is marked as crashed and should be repaired
DELETE FROM stat_globaluid
WHERE id NOT IN (
SELECT id
FROM (
SELECT id
FROM stat_globaluid
ORDER BY id DESC
LIMIT 100
) foo
);
mysqli: Table './ulib62015/stat_globaluid' is marked as crashed and should be repaired
insert into stat_globaluid set
statuid='20260518030031_3040',
dt='1779048031',
phpself='/ULIB62015/dublinfull.php',
agent='Mozilla/5.0 AppleWebKit/537.36 (KHTML, like Gecko; compatible; ClaudeBot/1.0; +claudebot@anthropic.com)',
yea='2026',
mon='5',
dat='18',
ip='216.73.216.45'
mysqli: Table './ulib62015/stathist_viewbib_bib_type' is marked as crashed and should be repaired
insert into stathist_viewbib_bib_type set
dat='18' ,
mon='05' ,
yea='2026' ,
statuid='20260518030031_3040' ,
head='25989' ,
foot='marc' ,
dt='1779048031'
| LEADER : 01174nam 2200277 a 4500 |
| 001 25989 |
| 003 ULIB |
| 008 030417s2530 caua sb 001 0 tha |
| 020 ^a9748749231
|
| 060 4 ^aQU135^bส768อ 2530
|
| 100 ^aสุดารัตน์ มโนเชี่ยวพินิจ
|
| 245 10 ^aเอนไซม์คลินิก^nเล่ม 1 /^cสุดารัตน์ มโนเชี่ยวพินิจ
|
| 250 ^aพิมพ์ครั้งที่ 1
|
| 260 ^aกรุงเทพฯ :^bโครงการตำราวิทยาศาสตร์อุตสาหกรรม,^c2530
|
| 300 ^a237 หน้า :^bภาพประกอบ;^c26 ซม.
|
| 650 4 ^aเอ็นซัยม์
|
| 650 4 ^aเอ็นซัยม์, การปลุกฤทธิ์
|
| 710 2 ^aโครงการตำราวิทยาศาสตร์อุตสาหกรรม
|
| 945 ^p0^l0^i005585
|
| 945 ^p0^l0^i012655
|
| 945 ^p0^l0^i004902 |
| คุณยังไม่ได้ล็อกอิน คุณสามารถมีกิจกรรมร่วมกับเว็บไซต์ได้ แต่ต้องล็อกอินก่อน :: |
|
|
|
| ลำดับที่ |
ประเภท |
เลขเรียก/บาร์โค้ด |
สถานที่ |
สถานะ |
| - ไม่พบข้อมูล - |
รายการใกล้เคียง
หัวเรื่อง [เอ็นซัยม์]
|
|
ยังไม่เคยถูกคอมเมนท์
|
| คอมเมนท์ทรัพยากรรายการนี้ |
|